Normal view
MARC view
Entry Personal Name
001 - CONTROL NUMBER
- control field: 58835
003 - CONTROL NUMBER IDENTIFIER
- control field: dpl
005 - DATE AND TIME OF LATEST TRANSACTION
- control field: 20231117142513.0
008 - FIXED-LENGTH DATA ELEMENTS
- fixed length control field: 231117|| aca||aabn | a|a d
040 ## - CATALOGING SOURCE
- Original cataloging agency: dpl
- Transcribing agency: dpl
100 ## - HEADING--PERSONAL NAME
- Personal name: Mohanty, Muktikanta
670 ## - SOURCE DATA FOUND
- Source citation: Work cat.: (dpl)199120: Mohanty, Muktikanta, Macmillan's General knowledge manual 2011/, 2011
